000 00489nam a2200217Ia 4500
003 IT-RoPAU
008 120407s9999 xx 000 0 und d
040 _aIT-RoPAU
040 _cIT-RoPAU
041 _aita
100 _aJean B. Beyer
245 _a"Dal Concilio al codice Il nuovo codice e le istanze del Concilio Vaticano II"
250 _aBologna
260 _aEDB
260 _c1984
300 _a139 p.
300 _c21 cm
490 _v1
942 _cBK
999 _c25523
_d25523